| 000 | 01313nam1a22002411 4500 | ||
|---|---|---|---|
| 001 | rc\364946 | ||
| 005 | 20030307123510.5 | ||
| 035 | _a(NLR Aleph) 005634377 | ||
| 090 |
_a6603748 _c6603748 |
||
| 100 | _a20030307d1989 u |0rusy50 ca | ||
| 101 | 0 | _arus | |
| 102 | _aRU | ||
| 105 | _ay ||||||||| | ||
| 200 | 1 |
_aСовременные и перспективные технологии производства органических веществ из углеводородов нефти и газа _eУчеб. пособие для самостоят. работы студентов спец. 0703, 2501, 2504 по дисциплине "Технология нефтехим. пр-в" _fГос. ком. СССР по нар. образованию, Моск. ин-т нефти и газа им. И.М. Губкина. Каф. хим. технологии веществ для нефт. и газовой пром-сти |
|
| 210 |
_aМ. _cМИНГ _d1989 |
||
| 215 | _d20 | ||
| 225 | 1 | _aСерия "Методическое обеспечение самостоятельной работы студентов" | |
| 700 | 1 |
_aНизова _bС. А. _gСветлана Алексеевна |
|
| 801 | 0 |
_aRU _bNLR _gpsbo |
|
| 801 | 1 |
_aRU _bELAR _2rusmarc |
|
| 852 |
_aNLR _j90-4/3117 |
||
| 942 | _cBOOK | ||
| 980 | _aNB | ||